01380cam a2200313 i 45000010009000000050017000090080041000260100017000670200029000840200026001130400028001390420008001670430012001750500026001870820023002131000022002362450116002582640069003743000024004433360021004673370025004883380023005134900077005365050318006136500027009316500036009586510030009946510042010241754506020221216113012.0121130s2013 enk b 001 0 eng  a 2012040026 a9780415625302 (hardback) z9780203552223 (ebook) aDLCbengcDLCerdadDLC apcc aa-ii---00aHN690.Z9b.S6567 201300a305.800954,SIN2231 aSingh, Sinderpal.10aIndia in South Asia :bdomestic identity politics and foreign policy from Nehru to the BJP / cSinderpal Singh. 1aMilton Park, Abingdon, Oxon ;aNew Nork, NY :bRoutledge,c2013. a163 pages ;c24 cm. atext2rdacontent aunmediated2rdamedia avolume2rdacarrier0 aRoutledge advances in international relations and global politics ;v108 aIntroduction (Page-1), Nehru and the invention of India (Page-12), The case of Pakistan and Nepal (Page-28), Indira Gandhi and the idea of India (Page-48), The case of Pakistan and Sri Lanka (Page-65), The BJP era and the construction of Indian identity (Page-85), Dealing with Pakistan and Bangladesh (Page-99). 0aGroup identityzIndia. 0aElite (Social sciences)zIndia. 0aIndiaxForeign relations. 0aIndiaxPolitics and governmenty1947-